000 00305nam a22001337a 4500
008 170130b xxu||||| |||| 00| 0 eng d
020 _a2800071760500
041 _aeng
080 _24TH
_a618.2
100 _a2
101 _aSHMI
245 _aFIRST AID FOR THE USMLE STEP 2 CS
_cLE, TAO
942 _2udc
_cBK
999 _c3973
_d3973